000 00359nam a2200121Ia 4500
005 20251222143145.0
008 251222s9999||||xx |||||||||||||| ||spa||
082 _a269.2/F48
100 _aFigari, Luis Fernando
245 0 _aEvangelización Promoción Humana y Reconciliación en la Forja de América Latina
264 _bVida y Espiritualidad
942 _cLIB
999 _c12472
_d12472